000 01159pam a2200313 a 4500
001 2486852
003 ARRUPE
005 20150831143026.0
008 910508s1992 inu b s000 0 eng
010 _a 91019431
020 _a9780253212146
040 _aDLC
_cDLC
_dDLC
041 1 _aeng
_hger
050 0 0 _aB3279.H48
_bP3713 1992
082 0 0 _a182/.3
_220
100 1 _aHeidegger, Martin,
_d1889-1976.
_919256
240 1 0 _aParmenides.
_lEnglish
245 1 0 _aParmenides /
_cMartin Heidegger ; translated by André Schuwer and Richard Rojcewicz.
260 _aBloomington :
_bIndiana University Press,
_cc1992.
300 _axv, 170 p. ;
_c25 cm.
440 0 _aStudies in Continental thought
_94942
500 _aTranslation of: Parmenides; based on a lecture course given 1942-43 at the University of Freiburg.
504 _aIncludes bibliographical references.
600 0 0 _aParmenides.
_919257
650 0 _aPhilosophy.
_919258
906 _a7
_bcbc
_corignew
_d1
_eocip
_f19
_gy-gencatlg
942 _2lcc
_cMONOGRAPH
999 _c123217
_d123217